Vista normal
Vista MARC
Entrada Topical Term
Número de registros utilizados en: 1
001 - CONTROL NUMBER
- control field: 38352
003 - CONTROL NUMBER IDENTIFIER
- control field: OSt
005 - DATE AND TIME OF LATEST TRANSACTION
- control field: 20210613183510.0
008 - FIXED-LENGTH DATA ELEMENTS
- fixed length control field: 210613|| aca||aabn | a|a d
040 ## - CATALOGING SOURCE
- Original cataloging agency: OSt
- Transcribing agency: OSt
150 ## - HEADING--TOPICAL TERM
- Topical term or geographic name entry element: Conservación de recursos naturales
- Geographic subdivision: Argentina
670 ## - SOURCE DATA FOUND
- Source citation: Work cat.: (OSt)7987: 16009, Argentine Republic : , 1997